=LDR 00000nam 2200000 4500 =001 NUTBA000000000004128 =005 20140903110823.0 =006 =007 =008 =020 ##$$a 978-602-9639-81-0 =035 ##$$a 0010-091400000000161 =040 ##$$a NBPDMAT =082 ##$$a 618.02 =084 ##$$a 618.02 Rin s =100 ##$$a Rina Verina Cho =245 ##$$a 1001 Tips agar Cepat Hamil berdasarkan golongan darah A dan B / $c Rina Verina Cho =250 ##$$a Cet. 1 =260 ##$$a Yogyakarta : $b Sophia Timur Publisher, $c 2010 =300 ##$$a 140 hlm. : $b ilus. ; $c 18 cm. =500 ##$$a Bibliografi : hlm. 140 =650 ##$$a kehamilan =990 ##$$a 21407927